I Mann : storia di una famiglia /

Guardat en:
Dades bibliogràfiques
Autor principal: Lahme, Tilmann
Altres autors: Leonzio, Elisa (Traductor)
Format: Llibre
Idioma:italià
Publicat: Torino : EDT, 2017
Col·lecció:La biblioteca di Ulisse
Matèries:
Etiquetes: Afegir etiqueta
Sense etiquetes, Sigues el primer a etiquetar aquest registre!

MARC

LEADER 00000nam a2200000 i 4500
001 IT\ICCU\BCT\0046127
003 ItRI
005 20260115232117.0
008 170510s2017 it |||||| ||||| |||||c
015 |2 IT  |a 2017-5374 
020 |a 9788859231875 
040 |b ita  |c importazione bologna sebina 
041 7 |a ita  |2 ISO-639-2 
082 |a 929.20943  |9 STORIE DI FAMIGLIE. Germania e paesi vicini dell'Europa centrale  |2 23 
100 1 |a Lahme, Tilmann  |0 IT\ICCU\UBOV\077600 
240 1 4 |a Die Manns  |3 IT\ICCU\BCT\0044086  |9 Lahme, Tilmann 
245 1 2 |a I Mann :  |b storia di una famiglia /  |c Tilmann Lahme ; traduzione dal tedesco di Elisa Leonzio. 
260 |a Torino :  |b EDT,  |c 2017 
300 |a XI, 489 p. :  |b ill. ;  |c 21 cm 
650 7 |a Mann <famiglia>  |x Storia 
700 1 |a Leonzio, Elisa  |0 IT\ICCU\MODV\649757  |4 trl 
830 3 |a La biblioteca di Ulisse  |0 IT\ICCU\LO1\1158455 
942 |2 ddc  |c BK  |n 0 
952 |0 0  |1 0  |4 0  |6 DOC_833_912000000000000_LAH  |7 0  |9 20220  |a BO  |b BO  |d 2026-01-15  |i 19374  |l 0  |o DOC 833.912 LAH  |p BO19374  |r 2026-01-15 23:21:17  |w 2026-01-15  |x [Sebina 5] [1 v.]  |y BK  |z 1 v. 
999 |c 17248  |d 17248